| 000 | 00876nam a22002417a 4500 | ||
|---|---|---|---|
| 005 | 20121214143018.0 | ||
| 008 | 121214t xxu||||| |||| 00| 0 eng d | ||
| 010 | _aENG-106446 | ||
| 020 |
_a9788178359182 _c850.00 |
||
| 035 | _aEN-89979 | ||
| 037 | _bDBAD/PUB | ||
| 040 |
_aDPL _bEng |
||
| 082 | _a025.00285 | ||
| 100 |
_aDinesh Kumar _954337 |
||
| 245 |
_aKnowledge management in digital libraries / _cby Dinesh Kumar [and] Arjun |
||
| 260 |
_aDelhi _bKalpaz Publications _c2012 |
||
| 270 |
_aC-30, Satyawati Nagar _bDelhi _e110052 |
||
| 300 |
_a350p. : _c23cm(Hb) _bill. |
||
| 500 | _aIncludes bibliographical references and index | ||
| 700 |
_aArjun _954341 |
||
| 942 |
_2ddc _cEN _h025.00285 _mDIN |
||
| 999 |
_c72181 _d72181 |
||